000
00252nam a2200097Ia 4500
008
170620s9999 xx 000 0 und d
100
_a
Singh & Pandey
245
0
_a
English Classroom Teaching With Theoretical
260
_b
Shahitya Prakashan- Agra
260
_c
2015
300
_a
151
999
_c
28086
_d
28086